[Event "EU-Cup Online Gr-B (Women)"]
[Site "Tornelo INT"]
[Date "2020.12.20"]
[Round "4.2"]
[White "Hoare, Amy B"]
[Black "Schepetkova, Margarita"]
[Result "0-1"]
[WhiteElo "2016"]
[BlackElo "2270"]
[PlyCount "80"]
[EventDate "2020.12.19"]
[EventType "team-tourn (rapid)"]
[EventRounds "7"]
[EventCountry "ISS"]
[SourceTitle "CBM 199 Extra"]
[Source "ChessBase"]
[SourceDate "2021.01.31"]
[SourceVersion "1"]
[SourceVersionDate "2021.01.31"]
[SourceQuality "1"]
[WhiteTeam "Wood Green Youth (W)"]
[BlackTeam "Voronezh (W)"]
[WhiteTeamCountry "ENG"]
[BlackTeamCountry "RUS"]

1. e4 c5 2. c3 d5 3. exd5 Qxd5 4. d4 Nf6 5. Nf3 e6 6. a3 Nc6 7. Be3 Be7 8. Bd3 0-0 9. 0-0 Rd8 10. Qe2 cxd4 11. cxd4 b6 12. Nc3 Qh5 13. Rad1 Bb7 14. Rfe1 Rac8 15. h3 Na5 16. Ne5 Qxe2 17. Bxe2 Bxa3 18. bxa3 Rxc3 19. a4 Rc7 20. Bc1 Nc6 21. Nxc6 Bxc6 22. Bf4 Rcd7 23. Be5 Bxa4 24. Ra1 b5 25. Rec1 Nd5 26. Bf3 f6 27. Bg3 Bb3 28. Be2 Rb7 29. Rc6 Nb4 30. Rcc1 Nc2 31. Rab1 Nxd4 32. Bf1 a5 33. Bc7 Rc8 34. Bxa5 Rxc1 35. Rxc1 Bd5 36. Bc3 Nc6 37. Bd2 b4 38. Ba6 Rb6 39. Be2 b3 40. Ba5 Nxa5 0-1

[Event "GRB-ch Universities"]
[Site "Birmingham"]
[Date "2017.02.25"]
[Round "3.3"]
[White "Monev, Aleksandar"]
[Black "Hoare, Amy B"]
[Result "1-0"]
[WhiteElo "2224"]
[BlackElo "2016"]
[PlyCount "107"]
[EventDate "2017.02.25"]
[EventType "team-swiss"]
[EventRounds "5"]
[EventCountry "ENG"]
[SourceTitle "CBM 177 Extra"]
[Source "ChessBase"]
[SourceDate "2017.04.27"]
[SourceVersion "1"]
[SourceVersionDate "2017.04.27"]
[SourceQuality "1"]
[WhiteTeam "Oxford"]
[BlackTeam "Durham"]
[WhiteTeamCountry "ENG"]
[BlackTeamCountry "ENG"]

1. e4 e5 2. Nf3 Nc6 3. Bb5 a6 4. Ba4 Nf6 5. 0-0 b5 6. Bb3 Bc5 7. c3 d6 8. d4 Bb6 9. Qd3 0-0 10. Bg5 h6 11. Bh4 exd4 12. Nxd4 Ne5 13. Qe2 g5 14. Bg3 Re8 15. Bc2 c5 16. Bxe5 dxe5 17. Nf5 Bxf5 18. exf5 e4 19. Nd2 e3 20. fxe3 Rxe3 21. Qd1 Qe7 22. c4 Re2 23. Ne4 Rxe4 24. Bxe4 Qxe4 25. Qf3 Qd4+ 26. Kh1 Re8 27. Qc6 Ba7 28. Qxa6 Bb8 29. Qc6 Qe5 30. g3 Qxb2 31. Rab1 Qe5 32. Rbe1 Ne4 33. Qxh6 Qg7 34. Qxg7+ Kxg7 35. cxb5 Kf6 36. Kg2 Re5 37. g4 Nc3 38. Rxe5 Bxe5 39. Rc1 Nxb5 40. Rxc5 Nc3 41. Rc6+ Ke7 42. a3 Kd7 43. Rc4 Nd5 44. Kf3 Bxh2 45. a4 Bc7 46. a5 Ne7 47. a6 Bb8 48. Rb4 Kc8 49. Rb7 Bc7 50. Ke4 Nc6 51. Rb5 Na7 52. Rb1 Bf4 53. Rb7 Bc7 54. Rxa7 1-0

[Event "Wch U20 Girls 34th"]
[Site "Bhubaneswar"]
[Date "2016.08.20"]
[Round "12"]
[White "Barchuk, Irina"]
[Black "Hoare, Amy B"]
[Result "1-0"]
[WhiteElo "2163"]
[BlackElo "2017"]
[PlyCount "83"]
[EventDate "2016.08.08"]
[EventType "swiss"]
[EventRounds "13"]
[EventCountry "IND"]
[SourceTitle "CBM 173 Extra"]
[Source "ChessBase"]
[SourceDate "2016.08.29"]
[SourceVersion "1"]
[SourceVersionDate "2016.08.29"]
[SourceQuality "1"]

1. e4 e5 2. Nf3 Nc6 3. Bc4 Bc5 4. d3 Nf6 5. Nc3 d6 6. Bg5 Na5 7. Nd5 Nxc4 8. dxc4 Bxf2+ 9. Kxf2 Nxe4+ 10. Kg1 Nxg5 11. Nxg5 c6 12. Qh5 g6 13. Qh6 cxd5 14. h4 Be6 15. Qg7 Qb6+ 16. Kh2 0-0-0 17. cxd5 Bxd5 18. c4 Bc6 19. Qxf7 Rhf8 20. Qe6+ Bd7 21. Qd5 Qf2 22. Ne4 Qb6 23. Nxd6+ Kb8 24. c5 Qc7 25. Rhf1 Rf4 26. g3 Rd4 27. Qxe5 Rd2+ 28. Kg1 Rc2 29. Rac1 Rxc1 30. Rxc1 Re8 31. Qc3 Re2 32. Qh8+ Be8 33. Kf1 Re7 34. Re1 Rxe1+ 35. Kxe1 Qxc5 36. Qxe8+ Kc7 37. Nb5+ Kb6 38. Nc3 Qg1+ 39. Kd2 Qf2+ 40. Qe2 Qd4+ 41. Kc2 Qc5 42. Qe6+ 1-0

[Event "Wch U20 Girls 34th"]
[Site "Bhubaneswar"]
[Date "2016.08.18"]
[Round "10"]
[White "Kiolbasa, Oliwia"]
[Black "Hoare, Amy B"]
[Result "1-0"]
[WhiteElo "2319"]
[BlackElo "2017"]
[PlyCount "151"]
[EventDate "2016.08.08"]
[EventType "swiss"]
[EventRounds "13"]
[EventCountry "IND"]
[SourceTitle "CBM 173 Extra"]
[Source "ChessBase"]
[SourceDate "2016.08.29"]
[SourceVersion "1"]
[SourceVersionDate "2016.08.29"]
[SourceQuality "1"]

1. e4 e5 2. Nf3 Nc6 3. Bc4 Bc5 4. 0-0 Nf6 5. d3 h6 6. c3 d6 7. a4 a6 8. Na3 0-0 9. Nc2 Ne7 10. a5 Ng6 11. b4 Ba7 12. Be3 Bxe3 13. Nxe3 Re8 14. Re1 Be6 15. Bxe6 Rxe6 16. Qb3 Nd7 17. Nf5 Nf4 18. Rad1 Qf6 19. g3 Qg6 20. Kh1 Qh5 21. Ng1 Nh3 22. Nxh3 Qxh3 23. Qa2 Nf6 24. f3 g6 25. Ne3 c6 26. c4 Re7 27. d4 exd4 28. Rxd4 Ne8 29. Ng2 Qc8 30. Red1 Qc7 31. Nf4 Kh7 32. Qc2 b6 33. axb6 Qxb6 34. c5 dxc5 35. bxc5 Qc7 36. Qa4 a5 37. Rd6 Rc8 38. e5 Ng7 39. Nd3 Nf5 40. f4 Qb7 41. Qxa5 Qb3 42. Qd2 Ra7 43. Nc1 Qf3+ 44. Kg1 Nxd6 45. exd6 Re8 46. Rf1 Qa3 47. Nd3 Qb3 48. f5 Qd5 49. fxg6+ fxg6 50. Qc3 Re2 51. Nf2 Raa2 52. Qf6 Qxc5 53. Qf7+ Kh8 54. Qf8+ Kh7 55. Qf7+ Kh8 56. Qf6+ Kh7 57. d7 Rxf2 58. Rxf2 Rxf2 59. Qxf2 Qd5 60. Qa7 Qd1+ 61. Kg2 Qe2+ 62. Qf2 Qe4+ 63. Qf3 Qe7 64. Qd3 Qd8 65. Qd6 Kg7 66. Qxc6 Kf7 67. Qd6 Qa8+ 68. Kf2 Qd8 69. Kf3 h5 70. Kf4 h4 71. g4 g5+ 72. Ke5 Qa5+ 73. Qd5+ Qxd5+ 74. Kxd5 Ke7 75. Kc6 Kd8 76. Kd6 1-0

[Event "Wch U20 Girls 34th"]
[Site "Bhubaneswar"]
[Date "2016.08.14"]
[Round "7"]
[White "Hoare, Amy B"]
[Black "Sapale, Saloni"]
[Result "1/2-1/2"]
[WhiteElo "2017"]
[BlackElo "2080"]
[PlyCount "69"]
[EventDate "2016.08.08"]
[EventType "swiss"]
[EventRounds "13"]
[EventCountry "IND"]
[SourceTitle "CBM 173 Extra"]
[Source "ChessBase"]
[SourceDate "2016.08.29"]
[SourceVersion "1"]
[SourceVersionDate "2016.08.29"]
[SourceQuality "1"]

1. e4 e6 2. d4 d5 3. Nd2 Nf6 4. e5 Nfd7 5. f4 c5 6. c3 Nc6 7. Ndf3 cxd4 8. cxd4 Qb6 9. a3 a5 10. b3 Be7 11. h4 f6 12. Bd3 Nf8 13. Ne2 Bd7 14. h5 Na7 15. Nc3 Qc7 16. Bb2 b5 17. Rc1 Qb7 18. Ne2 Nc8 19. Rc2 a4 20. b4 Nb6 21. g4 Nc4 22. Bc1 0-0-0 23. Ng3 Kb8 24. Qe2 Bc6 25. Rc3 Ka8 26. Rh2 Re8 27. Bb1 Nd7 28. Rf2 Bd8 29. Rf1 Bb6 30. Qg2 Qa7 31. Ne2 Qb7 32. Ng3 Qa7 33. Ne2 Qb7 34. Ng3 Qa7 35. Ne2 1/2-1/2

[Event "Wch U20 Girls 34th"]
[Site "Bhubaneswar"]
[Date "2016.08.12"]
[Round "5"]
[White "Hoare, Amy B"]
[Black "Santeramo, Alessia Carmen"]
[Result "0-1"]
[WhiteElo "2017"]
[BlackElo "2137"]
[PlyCount "126"]
[EventDate "2016.08.08"]
[EventType "swiss"]
[EventRounds "13"]
[EventCountry "IND"]
[SourceTitle "CBM 173 Extra"]
[Source "ChessBase"]
[SourceDate "2016.08.29"]
[SourceVersion "1"]
[SourceVersionDate "2016.08.29"]
[SourceQuality "1"]

1. e4 e5 2. Nf3 Nc6 3. Bc4 Nf6 4. d3 Bc5 5. c3 0-0 6. Bb3 d5 7. Qe2 a5 8. a4 Be6 9. Bc2 d4 10. Nbd2 Ba7 11. h3 Nd7 12. Nb3 f6 13. 0-0 Qe8 14. Bd2 Qf7 15. Qd1 Bb6 16. cxd4 exd4 17. Ne1 f5 18. Nc1 Nc5 19. exf5 Qxf5 20. Ne2 Bf7 21. Ng3 Qd7 22. Nf3 Bd5 23. Ne4 Nb4 24. Bxb4 axb4 25. Nxc5 Bxc5 26. Bb3 Ra6 27. Rc1 Kh8 28. Ne5 Qd6 29. Bxd5 Qxd5 30. Qh5 Kg8 31. Rce1 Re6 32. f4 Bd6 33. Re4 Bxe5 34. fxe5 Rxf1+ 35. Kxf1 c5 36. Kg1 c4 37. Qf5 g6 38. Qf4 c3 39. Rxd4 Qc5 40. bxc3 bxc3 41. Kh2 Qf8 42. Qh4 c2 43. Rd7 h5 44. Qc4 Kh8 45. Qxc2 Qf4+ 46. Kg1 Rc6 47. Qxc6 bxc6 48. d4 c5 49. dxc5 Qe3+ 50. Kh1 Qe1+ 51. Kh2 Qxe5+ 52. Kh1 Qxc5 53. Kh2 Qe5+ 54. Kh1 Qa1+ 55. Kh2 Qxa4 56. Rf7 g5 57. Kh1 Qc4 58. Rd7 g4 59. hxg4 hxg4 60. Kh2 Qf4+ 61. Kg1 g3 62. Rd1 Qe3+ 63. Kh1 Qh6+ 0-1

[Event "Wch U20 Girls 34th"]
[Site "Bhubaneswar"]
[Date "2016.08.11"]
[Round "4"]
[White "Hoare, Amy B"]
[Black "Omurbekova, Diana"]
[Result "1-0"]
[WhiteElo "2017"]
[BlackElo "1886"]
[PlyCount "93"]
[EventDate "2016.08.08"]
[EventType "swiss"]
[EventRounds "13"]
[EventCountry "IND"]
[SourceTitle "CBM 173 Extra"]
[Source "ChessBase"]
[SourceDate "2016.08.29"]
[SourceVersion "1"]
[SourceVersionDate "2016.08.29"]
[SourceQuality "1"]

1. e4 g6 2. d4 Bg7 3. Nc3 d6 4. Be3 a6 5. Qd2 b5 6. f3 Nd7 7. a4 b4 8. Nd1 a5 9. Bd3 Ba6 10. Ne2 Bxd3 11. Qxd3 Ngf6 12. 0-0 0-0 13. c3 c5 14. e5 dxe5 15. dxc5 Qc7 16. cxb4 axb4 17. Qc4 Rfb8 18. b3 Qc6 19. Rc1 Ra5 20. Bf2 e6 21. Nb2 e4 22. Nd4 Qxc5 23. Nc6 Qg5 24. h4 Qh5 25. Nxb8 exf3 26. Qxb4 fxg2 27. Rfd1 Rd5 28. Nc6 Bf8 29. Qe1 Rf5 30. Rc4 Nd5 31. Qe4 N7f6 32. Qxg2 Nf4 33. Rxf4 Rxf4 34. Rd4 Rf5 35. Nd1 e5 36. Rd8 Kg7 37. Ne3 Rf4 38. Rd3 Qe2 39. Nxe5 Ne4 40. Bg3 Nxg3 41. Qxg3 Re4 42. Nf5+ Kg8 43. Nd7 Qb2 44. Rd1 Kh8 45. Nxf8 gxf5 46. Ne6 Rg4 47. Rd8+ 1-0

[Event "Wch U20 Girls 34th"]
[Site "Bhubaneswar"]
[Date "2016.08.10"]
[Round "3"]
[White "Tokhirjonova, Gulruhbegim"]
[Black "Hoare, Amy B"]
[Result "1-0"]
[WhiteElo "2328"]
[BlackElo "2017"]
[PlyCount "87"]
[EventDate "2016.08.08"]
[EventType "swiss"]
[EventRounds "13"]
[EventCountry "IND"]
[SourceTitle "CBM 173 Extra"]
[Source "ChessBase"]
[SourceDate "2016.08.29"]
[SourceVersion "1"]
[SourceVersionDate "2016.08.29"]
[SourceQuality "1"]

1. e4 e5 2. Nf3 Nc6 3. Bb5 Nf6 4. d3 Bc5 5. Bxc6 dxc6 6. Qe2 Qd6 7. Nbd2 Be6 8. a3 0-0-0 9. 0-0 Nd7 10. b4 Bb6 11. Bb2 f6 12. Nc4 Qe7 13. Rfb1 c5 14. Bc3 Bxc4 15. dxc4 cxb4 16. axb4 c5 17. b5 Nf8 18. Nd2 Ne6 19. Nf1 Nd4 20. Bxd4 exd4 21. Qd3 Rhe8 22. Re1 g6 23. Nd2 Qd6 24. Nf3 Rd7 25. g3 Qc7 26. Nh4 Rde7 27. f4 g5 28. Nf5 Rd7 29. fxg5 fxg5 30. Re2 Qe5 31. Rf1 Re6 32. Qf3 Kb8 33. Qh5 Bd8 34. Rf3 a6 35. bxa6 Rxa6 36. Nh6 Rf6 37. Ng4 Qe6 38. Nxf6 Bxf6 39. e5 Bd8 40. Kf2 Qxc4 41. e6 Re7 42. Rf8 Kc7 43. Qf3 Qa6 44. Qd5 1-0

[Event "Wch U20 Girls 33rd"]
[Site "Khanty-Mansiysk"]
[Date "2015.09.11"]
[Round "9"]
[White "Musaeva, Shakhnazi"]
[Black "Hoare, Amy B"]
[Result "0-1"]
[WhiteElo "1586"]
[BlackElo "2088"]
[PlyCount "70"]
[EventDate "2015.09.02"]
[EventType "swiss"]
[EventRounds "13"]
[EventCountry "RUS"]
[SourceTitle "EXT 2016"]
[Source "ChessBase"]
[SourceDate "2015.10.08"]
[SourceVersion "1"]
[SourceVersionDate "2015.10.08"]
[SourceQuality "1"]

1. e4 e5 2. Nf3 Nc6 3. Bb5 a6 4. Ba4 Nf6 5. 0-0 b5 6. Bb3 Bc5 7. d3 d6 8. Ng5 0-0 9. h3 Nd4 10. c3 Nxb3 11. Qxb3 h6 12. Nf3 Be6 13. Qc2 Bb6 14. b3 Nh5 15. d4 Qf6 16. Qd3 Rfd8 17. Kh2 c5 18. d5 Bd7 19. Be3 g5 20. Ng1 Qg6 21. Qe2 Nf6 22. f3 Kg7 23. Qf2 Rg8 24. Ne2 h5 25. Rg1 g4 26. Qh4 Kf8 27. Qf2 Bd8 28. Nd2 Ke8 29. Raf1 a5 30. Qe1 h4 31. hxg4 Bxg4 32. Bf2 Bd7 33. Be3 Nh5 34. Qf2 Ng3 35. Re1 Qh7 0-1

[Event "Wch U20 Girls 33rd"]
[Site "Khanty-Mansiysk"]
[Date "2015.09.10"]
[Round "8"]
[White "Hoare, Amy B"]
[Black "Drogovoz, Maria"]
[Result "0-1"]
[WhiteElo "2088"]
[BlackElo "1924"]
[PlyCount "150"]
[EventDate "2015.09.02"]
[EventType "swiss"]
[EventRounds "13"]
[EventCountry "RUS"]
[SourceTitle "EXT 2016"]
[Source "ChessBase"]
[SourceDate "2015.10.08"]
[SourceVersion "1"]
[SourceVersionDate "2015.10.08"]
[SourceQuality "1"]

1. e4 c5 2. c3 d6 3. d4 Nf6 4. Bd3 Nc6 5. Nf3 e5 6. dxe5 dxe5 7. 0-0 Be7 8. Na3 0-0 9. Nc4 Qc7 10. Bg5 Rd8 11. Qe2 Nh5 12. g3 Bxg5 13. Nxg5 Nf6 14. Ne3 h6 15. Nf3 Be6 16. Rfd1 Na5 17. Nh4 g6 18. Nf3 Nc6 19. Bc4 Bxc4 20. Nxc4 b5 21. Ne3 Ne7 22. Qxb5 Nxe4 23. Qe2 Nf6 24. Nc4 e4 25. Nfd2 Qb7 26. Re1 Nf5 27. Nxe4 Nxe4 28. Qxe4 Qxe4 29. Rxe4 Nd6 30. Nxd6 Rxd6 31. Rae1 Kf8 32. b4 cxb4 33. cxb4 Rb6 34. Kg2 a5 35. a3 axb4 36. axb4 Ra2 37. Rb1 Rc6 38. b5 Rcc2 39. b6 Rxf2+ 40. Kg1 Rg2+ 41. Kf1 Rxh2 42. Rh4 Rxh4 43. gxh4 Ra8 44. Kf2 Ke7 45. Rc1 Ra2+ 46. Kf3 Rb2 47. Rc7+ Ke6 48. b7 h5 49. Kf4 Rb5 50. Ke4 Rb4+ 51. Kd3 f6 52. Kc3 Rb1 53. Kc2 Rb6 54. Kd3 Kf5 55. Rg7 g5 56. hxg5 fxg5 57. Ke3 h4 58. Kf3 Rb3+ 59. Kg2 Kg4 60. Rc7 h3+ 61. Kg1 Rb1+ 62. Kh2 Rb2+ 63. Kg1 Kh4 64. Rc4+ g4 65. Rc7 g3 66. Rh7+ Kg4 67. Rg7+ Kf4 68. Rf7+ Ke5 69. Re7+ Kf6 70. Re1 Rxb7 71. Kf1 Rb2 72. Kg1 Kf5 73. Rf1+ Kg4 74. Re1 h2+ 75. Kh1 Kh3 0-1

[Event "Wch U20 Girls 33rd"]
[Site "Khanty-Mansiysk"]
[Date "2015.09.07"]
[Round "6"]
[White "Hoare, Amy B"]
[Black "Amrayeva, Aytan"]
[Result "0-1"]
[WhiteElo "2088"]
[BlackElo "2145"]
[PlyCount "106"]
[EventDate "2015.09.02"]
[EventType "swiss"]
[EventRounds "13"]
[EventCountry "RUS"]
[SourceTitle "EXT 2016"]
[Source "ChessBase"]
[SourceDate "2015.10.08"]
[SourceVersion "1"]
[SourceVersionDate "2015.10.08"]
[SourceQuality "1"]

1. e4 e6 2. d4 d5 3. e5 c5 4. c3 Nc6 5. Nf3 Qb6 6. Be2 Bd7 7. 0-0 Rc8 8. a3 cxd4 9. cxd4 Nh6 10. Nc3 Na5 11. b4 Rxc3 12. bxa5 Qb3 13. Qe1 Rc7 14. a4 Bb4 15. Bd2 Bxd2 16. Qxd2 Qc2 17. Rfc1 Qxd2 18. Nxd2 Kd8 19. a6 b6 20. a5 bxa5 21. Nb3 a4 22. Na5 Rxc1+ 23. Rxc1 Nf5 24. Rd1 Ke7 25. g4 Nh4 26. Rc1 Rb8 27. Nb7 Rc8 28. Nc5 a3 29. Ra1 Rb8 30. Nb7 Bc6 31. Na5 Bd7 32. Nb7 Rc8 33. Nc5 Rb8 34. Nb7 Bc6 35. Na5 Kd7 36. Nxc6 Kxc6 37. Rxa3 Rb1+ 38. Bf1 Rb4 39. Rd3 Rxd4 40. Rc3+ Kb6 41. Rb3+ Ka5 42. Rb5+ Kxa6 43. Rxd5+ Kb6 44. Rxd4 Nf3+ 45. Kg2 Nxd4 46. f4 a5 47. Bc4 Kc5 48. Ba2 a4 49. Kf2 Nb3 50. Bb1 a3 51. f5 Nc1 52. fxe6 fxe6 53. Ke3 a2 0-1

[Event "Wch U20 Girls 33rd"]
[Site "Khanty-Mansiysk"]
[Date "2015.09.05"]
[Round "4"]
[White "Hoare, Amy B"]
[Black "Garifullina, Leya"]
[Result "1-0"]
[WhiteElo "2088"]
[BlackElo "1776"]
[PlyCount "53"]
[EventDate "2015.09.02"]
[EventType "swiss"]
[EventRounds "13"]
[EventCountry "RUS"]
[SourceTitle "EXT 2016"]
[Source "ChessBase"]
[SourceDate "2015.10.08"]
[SourceVersion "1"]
[SourceVersionDate "2015.10.08"]
[SourceQuality "1"]

1. e4 e6 2. d4 d5 3. e5 c5 4. c3 Qb6 5. Nf3 Nc6 6. Be2 cxd4 7. cxd4 Nh6 8. Nc3 Nf5 9. Na4 Qa5+ 10. Kf1 Bd7 11. Bd2 Qd8 12. Bf4 b6 13. h4 Be7 14. h5 h6 15. Nc3 f6 16. g4 fxe5 17. Bxe5 Nxe5 18. Nxe5 Nd6 19. Ng6 Rg8 20. Bd3 Bf6 21. Nf4 Bg5 22. Bg6+ Kf8 23. Nd3 Bf6 24. Qf3 Nb5 25. Ne2 Ke7 26. Ndf4 Nxd4 27. Qa3# 1-0

[Event "Politiken Cup 37th"]
[Site "Helsingor"]
[Date "2015.08.01"]
[Round "9"]
[White "Hoare, Amy B"]
[Black "Ekeberg, Carl Fredrik"]
[Result "1/2-1/2"]
[WhiteElo "2069"]
[BlackElo "2267"]
[PlyCount "152"]
[EventDate "2015.07.25"]
[EventType "swiss"]
[EventRounds "10"]
[EventCountry "DEN"]
[SourceTitle "CBM 167 Extra"]
[Source "ChessBase"]
[SourceDate "2015.09.14"]
[SourceVersion "1"]
[SourceVersionDate "2015.09.14"]
[SourceQuality "1"]

1. e4 e5 2. Bc4 Nc6 3. Nc3 Nf6 4. d3 Na5 5. Qf3 Bb4 6. Nge2 Nxc4 7. dxc4 d6 8. h3 Be6 9. b3 Nd7 10. 0-0 Qf6 11. Qxf6 Nxf6 12. Be3 c6 13. Rfd1 Ke7 14. Rd3 Nd7 15. f3 Bc5 16. Rad1 Bxe3+ 17. Rxe3 Nc5 18. Nc1 f6 19. Nd3 Nd7 20. Nf2 Rad8 21. Red3 Nc5 22. R3d2 Bf7 23. Ng4 h5 24. Ne3 g6 25. Kf2 Be6 26. g4 hxg4 27. hxg4 Bf7 28. Rg1 Ne6 29. Ne2 Ng5 30. Rg2 Rh1 31. Ng3 Nh3+ 32. Ke2 Nf4+ 33. Kf2 Rh3 34. Rg1 Rh2+ 35. Ke1 Rxd2 36. Kxd2 Rh8 37. Rh1 Rxh1 38. Nxh1 d5 39. cxd5 cxd5 40. exd5 Nxd5 41. Nf2 Nxe3 42. Kxe3 Bd5 43. c4 Bc6 44. b4 b6 45. Nd1 Bd7 46. Nc3 Be6 47. Kd3 Kd7 48. a3 f5 49. gxf5 gxf5 50. Ne2 Kd6 51. Nc3 a6 52. Na4 Bxc4+ 53. Ke3 Kc6 54. f4 Bb3 55. Nc3 Kd6 56. Kf3 Bd5+ 57. Ke3 Bc6 58. Ne2 Kd5 59. fxe5 Kxe5 60. Nf4 Be8 61. Nd3+ Kd5 62. Kf4 Bd7 63. Nb2 Kd4 64. Nd1 a5 65. bxa5 bxa5 66. Ne3 Kc3 67. Nd5+ Kb3 68. Nb6 Be6 69. a4 Kb4 70. Ke5 Bb3 71. Kxf5 Bxa4 72. Ke4 Bb5 73. Kd4 Bc6 74. Kd3 Kc5 75. Kc3 Kxb6 76. Kb2 a4 1/2-1/2

[Event "Politiken Cup 37th"]
[Site "Helsingor"]
[Date "2015.07.26"]
[Round "3"]
[White "Hoare, Amy B"]
[Black "Nielsen, Jens Holm"]
[Result "1-0"]
[WhiteElo "2069"]
[BlackElo "1836"]
[PlyCount "63"]
[EventDate "2015.07.25"]
[EventType "swiss"]
[EventRounds "10"]
[EventCountry "DEN"]
[SourceTitle "CBM 167 Extra"]
[Source "ChessBase"]
[SourceDate "2015.09.14"]
[SourceVersion "1"]
[SourceVersionDate "2015.09.14"]
[SourceQuality "1"]

1. e4 Nc6 2. Nc3 d6 3. d4 g6 4. Be3 Bg7 5. Qd2 a6 6. h4 Nf6 7. f3 b5 8. 0-0-0 h5 9. Nh3 Bxh3 10. Rxh3 Qd7 11. Qf2 e5 12. dxe5 Nxe5 13. Bd4 Qc6 14. Kb1 0-0-0 15. Qd2 Qe8 16. a4 c6 17. Bb6 Rd7 18. axb5 Rb7 19. Ba5 axb5 20. Qxd6 Rd7 21. Qc5 Rxd1+ 22. Nxd1 Qd7 23. Nc3 Nc4 24. Bxc4 bxc4 25. Qxc4 Re8 26. Rh1 Qe6 27. Qa6+ Kb8 28. Qb6+ Ka8 29. Rd1 Nd7 30. Qc7 Nb8 31. Na4 Nd7 32. Rxd7 1-0

[Event "Politiken Cup 37th"]
[Site "Helsingor"]
[Date "2015.07.26"]
[Round "2"]
[White "Jacobsen, Mikkel Manosri"]
[Black "Hoare, Amy B"]
[Result "1-0"]
[WhiteElo "2370"]
[BlackElo "2069"]
[PlyCount "57"]
[EventDate "2015.07.25"]
[EventType "swiss"]
[EventRounds "10"]
[EventCountry "DEN"]
[SourceTitle "CBM 167 Extra"]
[Source "ChessBase"]
[SourceDate "2015.09.14"]
[SourceVersion "1"]
[SourceVersionDate "2015.09.14"]
[SourceQuality "1"]

1. d4 d5 2. c4 e6 3. cxd5 exd5 4. Nc3 Nf6 5. Bg5 Be7 6. Qc2 c6 7. e3 Nbd7 8. Bd3 0-0 9. Nge2 Re8 10. 0-0 Nf8 11. f3 g6 12. e4 Ne6 13. Bxf6 Bxf6 14. e5 Bg7 15. Kh1 c5 16. dxc5 Bxe5 17. f4 Bg7 18. Nb5 Qe7 19. Rac1 Rd8 20. f5 Ng5 21. Ng3 Ne4 22. Nxe4 dxe4 23. Bxe4 Bh6 24. fxg6 hxg6 25. Rce1 Rd2 26. Bd5 Qg5 27. Bxf7+ Kh7 28. Bxg6+ Qxg6 29. Re7+ 1-0

[Event "BCF-chT2a 1415 (4NCL)"]
[Site "England"]
[Date "2015.03.28"]
[Round "7.223"]
[White "Hoare, Amy B"]
[Black "Beckett, Christopher J"]
[Result "1/2-1/2"]
[WhiteElo "2041"]
[BlackElo "2144"]
[PlyCount "97"]
[EventDate "2014.11.15"]
[EventType "team-tourn"]
[EventRounds "7"]
[EventCountry "ENG"]
[SourceTitle "EXT 2016"]
[Source "ChessBase"]
[SourceDate "2015.10.08"]
[SourceVersion "1"]
[SourceVersionDate "2015.10.08"]
[SourceQuality "1"]
[WhiteTeam "Sussex Martlets"]
[BlackTeam "Cambridge II"]
[WhiteTeamCountry "ENG"]
[BlackTeamCountry "ENG"]

1. e4 d6 2. d4 Nf6 3. Nc3 e5 4. dxe5 dxe5 5. Qxd8+ Kxd8 6. Bc4 Ke8 7. Nf3 Bd6 8. Bd2 Nbd7 9. 0-0 c6 10. a4 a5 11. Rfe1 Nb6 12. Bb3 Be6 13. Bxe6 fxe6 14. b3 Nbd7 15. Nd1 Nc5 16. Bc3 Nfd7 17. Nb2 Nf6 18. Nc4 Bc7 19. Bxe5 Bxe5 20. Nfxe5 Nfxe4 21. Rad1 Ke7 22. Nd3 Rhf8 23. f3 Nxd3 24. Rxe4 Nc5 25. Re5 Rf5 26. Rde1 Kf6 27. Rxf5+ exf5 28. Re5 b6 29. f4 Ne4 30. Nxb6 Rd8 31. h4 Rd2 32. Rxa5 Rxc2 33. Re5 Kg6 34. Nc4 Rc1+ 35. Kh2 Nf2 36. Kg3 Ne4+ 37. Kh2 Nf2 38. Re2 Ng4+ 39. Kh3 Rc3+ 40. g3 Rxb3 41. Ne5+ Nxe5 42. Rxe5 Ra3 43. a5 Kf6 44. Rc5 Ke7 45. Rxc6 Rxa5 46. Rc7+ Kf6 47. Rc6+ Ke7 48. Rc7+ Kf6 49. Rc6+ 1/2-1/2

[Event "BCF-chT2a 1415 (4NCL)"]
[Site "England"]
[Date "2015.01.10"]
[Round "3.226"]
[White "Hoare, Amy B"]
[Black "Gregory, Stephen J"]
[Result "1-0"]
[WhiteElo "2041"]
[BlackElo "2083"]
[PlyCount "87"]
[EventDate "2014.11.15"]
[EventType "team-tourn"]
[EventRounds "7"]
[EventCountry "ENG"]
[SourceTitle "EXT 2016"]
[Source "ChessBase"]
[SourceDate "2015.10.08"]
[SourceVersion "1"]
[SourceVersionDate "2015.10.08"]
[SourceQuality "1"]
[WhiteTeam "Sussex Martlets"]
[BlackTeam "Anglian Avengers"]
[WhiteTeamCountry "ENG"]
[BlackTeamCountry "ENG"]

1. e4 d6 2. d4 Nf6 3. Nc3 g6 4. Be3 c6 5. Qd2 b5 6. f3 Nbd7 7. Bd3 e5 8. Nge2 Be7 9. 0-0 Bb7 10. a4 b4 11. Nd1 a5 12. c3 c5 13. dxc5 dxc5 14. Bh6 Qb6 15. Ne3 Bf8 16. Bxf8 Rxf8 17. Bb5 0-0-0 18. Nc4 Qc7 19. Qg5 Rfe8 20. Rfd1 Re6 21. Rd2 Bc6 22. Bxc6 Rxc6 23. Rad1 Kb8 24. Nxe5 Re6 25. Nxf7 Rf8 26. Nd6 Re5 27. Qe3 Rh5 28. Ng3 Re5 29. Nb5 Qb7 30. Rd6 h5 31. Qd2 Re7 32. Qf4 Kc8 33. Qd2 h4 34. Ne2 Kb8 35. Nf4 g5 36. Ng6 Ree8 37. Nxf8 Rxf8 38. Qxg5 h3 39. Qg3 Kc8 40. Qh4 bxc3 41. bxc3 Kb8 42. Rxd7 Nxd7 43. Rxd7 Qxd7 44. Qg3+ 1-0

[Event "EU-ch U18 Girls 24th"]
[Site "Batumi"]
[Date "2014.10.22"]
[Round "4"]
[White "Velikic, Adela"]
[Black "Hoare, Amy B"]
[Result "1/2-1/2"]
[WhiteElo "2224"]
[BlackElo "1981"]
[PlyCount "84"]
[EventDate "2014.10.19"]
[EventType "swiss"]
[EventRounds "9"]
[EventCountry "GEO"]
[SourceTitle "EXT 2015"]
[Source "ChessBase"]
[SourceDate "2014.11.20"]
[SourceVersion "1"]
[SourceVersionDate "2014.11.20"]
[SourceQuality "1"]

1. e4 e5 2. Nf3 Nc6 3. Bb5 Nf6 4. 0-0 Nxe4 5. d4 Nd6 6. Bxc6 dxc6 7. dxe5 Nf5 8. Qxd8+ Kxd8 9. Nc3 Bd7 10. b3 Kc8 11. Bb2 b6 12. Rad1 h5 13. Ne2 Be7 14. Nf4 Be8 15. Rd3 h4 16. Ne2 a5 17. Ned4 Nh6 18. e6 Bf6 19. Bc1 c5 20. exf7 Bxf7 21. Ne2 Bg6 22. Rd2 Bf5 23. Nf4 c6 24. Nd3 Nf7 25. Re2 Rd8 26. Nf4 g6 27. Rfe1 Bc3 28. Bd2 Bf6 29. Ne6 Rd7 30. Bf4 Kb7 31. Nfg5 Nxg5 32. Bxg5 Bxg5 33. Nxg5 Rad8 34. h3 Rd2 35. c4 a4 36. Nf3 Rxe2 37. Rxe2 Rd1+ 38. Kh2 axb3 39. axb3 Rb1 40. Re3 Bc2 41. Rc3 Bd1 42. Nxh4 g5 1/2-1/2

[Event "Wch U18 Girls"]
[Site "Durban"]
[Date "2014.09.28"]
[Round "10"]
[White "Navrotescu, Andreea Cristiana"]
[Black "Hoare, Amy B"]
[Result "1-0"]
[WhiteElo "2208"]
[BlackElo "1981"]
[PlyCount "85"]
[EventDate "2014.09.20"]
[EventType "swiss"]
[EventRounds "11"]
[EventCountry "RSA"]
[SourceTitle "CBM 162 Extra"]
[Source "ChessBase"]
[SourceDate "2014.10.17"]
[SourceVersion "1"]
[SourceVersionDate "2014.10.17"]
[SourceQuality "1"]

1. d4 d5 2. c4 e6 3. Nc3 Nf6 4. Bf4 Be7 5. e3 0-0 6. a3 Nbd7 7. Nb5 Ne8 8. Nf3 c6 9. Nc3 Nef6 10. h3 dxc4 11. Bxc4 Nd5 12. Bg3 N7f6 13. Qc2 Qa5 14. 0-0 Nxc3 15. bxc3 b5 16. Bd3 c5 17. Ng5 g6 18. Ne4 Nd5 19. dxc5 Bd7 20. c4 bxc4 21. Qxc4 Rac8 22. Qa6 Qxa6 23. Bxa6 Rcd8 24. Bb7 Bc8 25. Rab1 f5 26. Nd6 Bxb7 27. Rxb7 Bxd6 28. Bxd6 Rf7 29. Rfb1 Rfd7 30. Be5 Ne7 31. Rxd7 Rxd7 32. Rb8+ Kf7 33. Bd6 Nc6 34. Rh8 Kf6 35. f4 h5 36. Rf8+ Kg7 37. Rc8 Ne7 38. Bxe7 Rxe7 39. c6 Kf6 40. c7 Rf7 41. h4 a5 42. a4 Ke7 43. Rb8 1-0